Using simulation to optimise renting and space planning decisions (Record no. 79938)

MARC details
000 -LEADER
fixed length control field 01237cab a22001935a 4500
001 - CONTROL NUMBER
control field L142760
008 - FIXED-LENGTH DATA ELEMENTS--GENERAL INFORMATION
fixed length control field 080306s2007 xxkad f s 000 0 eng d
035 ## - SYSTEM CONTROL NUMBER
System control number (Sirsi) u142760
041 0# - LANGUAGE CODE
Language code of text/sound track or separate title eng
100 1# - MAIN ENTRY--PERSONAL NAME
Personal name Farncombe, Martin
245 00 - TITLE STATEMENT
Title Using simulation to optimise renting and space planning decisions
260 ## - PUBLICATION, DISTRIBUTION, ETC.
Date of publication, distribution, etc. 2007
490 #0 - SERIES STATEMENT
Series statement Journal of Corporate Real Estate
Volume/sequential designation 9(3) 2007, 156-167(12)
520 ## - SUMMARY, ETC.
Summary, etc. Argues that common sense methods of planning for changing business accommodation needs based on average occupation levels are usually wrong. Aims to present a method which businesses can use to maximise decisions on their short and long term space based on prior occupation patterns. Finds that using average occupancy levels to predict occupation mix works less well than simulation; both the ratio of short to long term rents and renter's attitudes to risk are key factors. Concludes that the simulation method is an opportunity for the corporate real estate manager to engage with senior management regarding business planning and is easily applied using an Excel spreadsheet.
651 #4 - SUBJECT ADDED ENTRY--GEOGRAPHIC NAME
Geographic name United Kingdom
Chronological subdivision
690 ## - LOCAL SUBJECT ADDED ENTRY--TOPICAL TERM (OCLC, RLIN)
Topical term or geographic name as entry element PROPERTY-COMMERCIAL PROPERTY-OFFICE PROPERTY-OFFICES
700 1# - ADDED ENTRY--PERSONAL NAME
Personal name Waller, Andrew
942 ## - ADDED ENTRY ELEMENTS (KOHA)
Suppress in OPAC 0
Holdings
Withdrawn status Lost status Source of classification or shelving scheme Damaged status Not for loan Home library Current library Shelving location Date acquired Total Checkouts Full call number Barcode Date last seen Copy number Price effective from Koha item type
    Dewey Decimal Classification     London London Journal article 06/03/2008   L142760 142760-1001 06/08/2019 1 06/08/2019 Journal article